MDQL
is popping MORE tags! Check the
thread
!
Quizzes
Events
Quiz Creation
Community
Videos
Private Events
Remove Ads
Sign In
Join for FREE
Feedback
Dark Mode
Quiz Categories
Sports
Geography
Music
Movies
Television
Just For Fun
Miscellaneous
History
Literature
Language
Science
Gaming
Entertainment
Religion
Holiday
For Kids
Quiz Lab
Recent
Popular Today
Quiz Kudos Today
Editor Picks
Curator Picks
Quizzes by...
Day
Popularity
Type
Ratings
Length
Year
Community
Subscriptions
Recent Discussions
Orange Saloon
Badges
Playlists
Quests
Create
Leaderboards
Showdown
Live 5
Trivia Bingo
Activity
Puzzle Library
Sporcle Events
Private Events
Virtual Trivia
Globe League
Become a Host
Pub Owners
SporcleCon
Opinionation
Our Games
Videos
Blog
Mobile Apps
Partnerships
Remove Ads and Go Orange
Feedback
Television
TV Characters
TV Show
Sitcom
Network
Friends
Reality Shows
Cast
South Park
Star Trek
The Simpsons
Doctor Who
Television
TV Characters
TV Show
Sitcom
Network
Friends
Reality Shows
Cast
South Park
Star Trek
The Simpsons
Doctor Who
Random Quiz
Search Sporcle
×
Quiz Lab
Quiz Lab
Television
ouran
Type in answers that appear in a list
Type in answers that appear in a list
Classic
Best Score? Go Orange.
Ouran EnglishDub Bloopers Stats
Can you name the Ouran character by the bloopers of their English Dub?
By
Nykaedia
7m
9 Questions
904 Plays
904 Plays
904 Plays
Comments
Comments
Give Quiz Kudos
Give Quiz Kudos
-
- Ratings
hide this ad
More Info
Random Order
Randomize order of answers
Randomize order of answers
Replay
Link that replays current quiz
Next Quiz
Link to next quiz in quiz playlist
You Got
0%
They Got
Avg Score
86%
Avg Friend Score
Upgrade to see
Score Distribution
Jump to the score distribution portion of the page
Score
0/9
Timer
07:00
0
Plays Today
Blooper
Character
% Correct
I know a friend who owns a nice shushi shu ba ra ha ba la ra haaa RAAAWWW FISH!
Haruhi
98.9%
Let me just finish crushing this child. Your mom here told me to.
Tamaki
97.2%
Your family sure does love fat-
@$$ cats...
Hikaru
95.7%
A bloo-
All blooty is bootiful.
Kyoya
94.8%
HAHAHAHAHAHA! It's so funny cuz he runs in at many miles per hour and just grabs him! HAHAHA!
Mori
93.9%
I'm gonna keep talking... a-
and I'm gonna do this next line. From-
AWWW!
Kaoru
90.7%
I just like, took out the microphone with my necklace!
Honey
86.2%
With his powers... I can curse... *gag*... *gasping*... *choking*...*wheeze*... rosebud...
Nekozawa
70.6%
NO FAIR!!! SOMEONE LIKE YOU ISN'T SUPPOSED TO HAVE SOMEONE AS BIG LIKE THAT AS YOUR FRIEND CUZ YOU'RE REALLY TINY AND IT'S AWKWARD!!! ...Just sayin'...
Shiro
51.3%
Quiz Playlist
Details
Report
Send in Message
Add To Playlist
More Info:
This will surely be very fun! ^_^ It was great coming up with these. And believe me, it was hard coming up with just one for each character! XD
Classic:
Type in answers that appear in a list
Random Order:
Randomize order of answers
Last Updated: Feb 16, 2017
Quiz Scoreboard
CHALLENGE
Sign Up to Join the Scoreboard
Show All
Scores
Hide
Comments
May contain spoilers
Recently Published
5x2 Blitz: Bands
by SL_Kpop136
Music
30s
Colored Red Africa Blitz
by spor1
Geography
30s
Find the 'City' Movie
by crazypaving
Movies
60s
More to Explore
Quiz From the Vault
Featured Blog Post
14 Easter Pick-up Lines to Find Eggs With
hide this ad
You Might Also Like...
Tags
Character
dub
English
ouran
Today's Top Quizzes in Television
Browse Television
hide this ad
Top Contributed Quizzes in Television
1
Survivor Journey Challenge
2
Brooklyn Nine Nine Logic Puzzle (How-To-Play)
3
Phoebe Buffay Quotes
4
Survivor Trivia
5
Total Drama Characters
6
Survivor Logic Puzzle: Heroes vs. Villains
7
One Tree Hill Logic Puzzle
8
Survivor Heroes vs. Villains Logic Puzzle
9
All US Survivor Seasons in Order
10
Adjectives in 00s TV Shows
Explore More
Trending Topics
Harry Potter
Disney
Anime
NBA
Crossword
Marvel
Kpop
Country
Soccer
Pokémon
Puzzle
WWE
NFL
Song
The Office
hide this ad
More By:
Nykaedia
Quiz
Plays
Rating
Category
Featured
Created
HTTYD Characters
1,067
1.00
Movies
Nov 13, 2010
Ouran EnglishDub Bloopers
904
3.33
Television
Dec 14, 2010
Wizards Of Waverly Place Trivia
674
4.67
Television
Dec 20, 2010
Suite Life On Deck Trivia
481
3.50
Television
Dec 20, 2010
Pokemon Crystal Trivia
343
3.00
Gaming
Dec 20, 2010
Go to Creator's Profile
Score Distribution
Quiz Creator Spotlight
Nykaedia
Follow
Send a Message
Quizzes Created
-
Created Quiz Play Count
-
More By This Creator
Popular Quizzes Today
1
Colored Red Africa Blitz
2
Find the 'City' Movie
3
5x2 Blitz: Bands
4
Find the US States - No Outlines Minefield
5
The Countries of the World
6
Find the US States
7
US States
8
Find the Countries of Europe - No Outlines Minefield
More Television Quizzes
TV Name Swap
Published
Trending Quizzes
Colored Red Europe Blitz I
Colored Red Europe Blitz II
Colored Red Africa Blitz II
Colored Red Europe Blitz III
Colored Red Africa Blitz III
Recently Updated
How Do You Spell That?
pecheneg
Godzilla Movies
pecheneg
Grab Bag: 4-10 Letters
pecheneg
2024 March Madness Bracket
pecheneg
Famous TV Couples
Peacemaker
Champions League XIs: Real Madrid
pecheneg
Largest US Cities 1790-2010
pecheneg
Rides in Walt Disney World
pecheneg
Most Oscar Losses (Acting)
pecheneg
Beyoncé Albums
pecheneg
Trending Topics
Marvel
Harry Potter
NBA
Disney
Kpop
Anime
Crossword
Song
Country
NFL
Pokémon
Soccer
Puzzle
WWE
The Office
Your Account Isn't Verified!
In order to create a playlist on Sporcle, you need to verify the email address you used during registration. Go to your
Sporcle Settings
to finish the process.
Report this User
Report this user for behavior that violates our
Community Guidelines
.
Details:
Send Report
Go to the Sporcle.com Mobile Site →
Comments